Quizzes
Events
Quiz Creation
Community
Videos
Private Events
Remove Ads
Sign In
Join for FREE
Feedback
Dark Mode
Quiz Categories
Sports
Geography
Music
Movies
Television
Just For Fun
Miscellaneous
History
Literature
Language
Science
Gaming
Entertainment
Religion
Holiday
For Kids
Quiz Lab
Recent
Popular Today
Quiz Kudos Today
Editor Picks
Curator Picks
Quizzes by...
Day
Popularity
Type
Ratings
Length
Year
Community
Subscriptions
Recent Discussions
Orange Saloon
Badges
Playlists
Quests
Create
Leaderboards
Showdown
Live 5
Trivia Bingo
Activity
Puzzle Library
Sporcle Events
Private Events
Virtual Trivia
Globe League
Become a Host
Pub Owners
SporcleCon
Opinionation
Our Games
Videos
Blog
Mobile Apps
Partnerships
Remove Ads and Go Orange
Feedback
Sports
Athletes
MLB
NBA
NHL
NFL
Soccer
Sports Teams
WWE
NCAA
Football
Premier League
Basketball
Baseball
Hockey
Golf
Tennis
Cricket
Rugby
Auto Racing
Olympics
World Cup
Sports
Athletes
MLB
NBA
NHL
NFL
Soccer
Sports Teams
WWE
NCAA
Football
Premier League
Basketball
Baseball
Hockey
Golf
Tennis
Cricket
Rugby
Auto Racing
Olympics
World Cup
Random Quiz
Search Sporcle
×
Quiz Lab
Quiz Lab
Sports
City
Type in answers that appear in a list
Type in answers that appear in a list
Classic
Best Score? Go Orange.
Birmingham City's promotion heroes Stats
Can you name Birmingham City's promotion heroes?
By
Jcwba16
8m
42 Questions
516 Plays
516 Plays
516 Plays
Comments
Comments
Give Quiz Kudos
Give Quiz Kudos
-
- Ratings
hide this ad
Replay
Link that replays current quiz
Next Quiz
Link to next quiz in quiz playlist
You Got
0%
They Got
Avg Score
48%
Avg Friend Score
Upgrade to see
Score Distribution
Jump to the score distribution portion of the page
Score
0/42
Timer
08:00
0
Plays Today
Promotion year
Answer
% Correct
2002 -
Norwich
Darren Carter
86.2%
2002 -
Norwich
Stern John
85.1%
2002 -
Norwich
Michael Johnson
75.4%
2002 -
Norwich
Andrew Johnson
73.4%
2009 -
Reading
Damien Johnson
73.3%
2009 -
Reading
Maik Taylor
72.5%
2002 -
Norwich
Geoff Horsfield
70.9%
2002 -
Norwich
Martin Grainger
68.8%
2007 -
Sheff Wed
Sebastian Larsson
67.4%
2009 -
Reading
Sebastian Larsson
67.4%
2002 -
Norwich
Stan Lazaridis
66.1%
2007 -
Sheff Wed
Martin Taylor
65.3%
2009 -
Reading
Martin Taylor
65.3%
2009 -
Reading
Kevin Phillips
64.5%
2002 -
Norwich
Jeff Kenna
62.4%
2007 -
Sheff Wed
Cameron Jerome
60.9%
2009 -
Reading
Cameron Jerome
60.9%
2002 -
Norwich
Nico Vaesen
60.3%
2002 -
Norwich
Paul Devlin
57.4%
2007 -
Sheff Wed
Nicklas Bendtner
48.6%
2007 -
Sheff Wed
Colin Doyle
47.7%
Promotion year
Answer
% Correct
2007 -
Sheff Wed
Fabrice Muamba
46.1%
2002 -
Norwich
Bryan Hughes
44.8%
2009 -
Reading
Keith Fahey
44.4%
2009 -
Reading
Stephen Carr
43.8%
2002 -
Norwich
Olivier Tebily
42.6%
2002 -
Norwich
Steve Vickers
38.8%
2007 -
Sheff Wed
Radhi Jaidi
38.4%
2009 -
Reading
Radhi Jaidi
38.4%
2007 -
Sheff Wed
Stephen Clemence
35.7%
2007 -
Sheff Wed
Gary McSheffrey
34.1%
2002 -
Norwich
Tommy Mooney
30.8%
2007 -
Sheff Wed
Bruno N'Gotty
30.6%
2009 -
Reading
Garry O'Connor
30.4%
2007 -
Sheff Wed
Stephen Kelly
29.1%
2009 -
Reading
James McFadden
26.9%
2007 -
Sheff Wed
Mehdi Nafti
26%
2009 -
Reading
Lee Carsley
22.7%
2007 -
Sheff Wed
Andrew Cole
20.9%
2007 -
Sheff Wed
Rowan Vine
10.9%
2009 -
Reading
Djimi Traore
8.9%
2009 -
Reading
Hameur Bouazza
4.8%
Quiz Playlist
Details
Report
Send in Message
Add To Playlist
Classic:
Type in answers that appear in a list
Last Updated: Feb 16, 2017
Quiz Scoreboard
CHALLENGE
Sign Up to Join the Scoreboard
Show All
Scores
Hide
Comments
May contain spoilers
Recently Published
Presidents Visiting Landmarks
by Hejman
History
7m
An Introduction to Baseball
by treessimontrees
Sports
5m
Movies - When Are They Set?
by FPL_Elf
Movies
5m
More to Explore
Quiz From the Vault
Featured Blog Post
Where Did the Easter Bunny Come From?
hide this ad
You Might Also Like...
Tags
City Quiz
Birmingham
Birmingham City
Here
promotion
Today's Top Quizzes in Sports
Browse Sports
hide this ad
Today's Top Quizzes in City
Browse City
Top Contributed Quizzes in Sports
1
Les meilleurs buteurs des matchs entre le PSG et l’OM
2
2022 World Cup Stars
3
FIFA Club World Cup Champions
4
Les entraîneurs de l'OM et du PSG au 21e siècle
5
Name the Premier League winners with different clubs
6
La finale Lions - Afrique du Sud 2021
7
5-to-1: UK Sports Teams
8
England Test cricketers to play under Nasser Hussain
9
Players with Multiple 50 Home Run Seasons
10
AFC Teams Reveal (Wrong Answers Minefield)
Explore More
Trending Topics
Marvel
Disney
Kpop
Crossword
Anime
Harry Potter
NBA
The Office
Soccer
Puzzle
WWE
Country
Pokémon
NFL
Song
hide this ad
More By:
Jcwba16
Quiz
Plays
Rating
Category
Featured
Created
Villa players v Blackburn League Cup semi-final
1,032
Sports
Nov 2, 2016
All Villa bosses
1,016
Sports
Oct 6, 2016
Aston Villa's squad v Fulham 2012
989
3.00
Sports
Oct 20, 2016
Reading 1 Villa 2 - the team
704
3.00
Sports
Oct 18, 2016
Villa's squad vs Brighton in 2010
680
Sports
Nov 10, 2016
Go to Creator's Profile
Score Distribution
Quiz Creator Spotlight
Jcwba16
Follow
Send a Message
Quizzes Created
-
Created Quiz Play Count
-
More By This Creator
Popular Quizzes Today
1
Find the US States - No Outlines Minefield
2
Find the Countries of Europe - No Outlines Minefield
3
The Countries of the World
4
Find the US States
5
Popular People in 1961
6
US States
7
Risky Map Clicking: Biggest States A-Z
8
Movies - When Are They Set?
More Sports Quizzes
NFL Jersey Numbering System
Published
Trending Quizzes
Risky Map Clicking: Least Populous States A-Z
1-10 Letter G Words
1-10 Letter F Words
Risky Map Clicking: Next State Alphabetically
Risky Map Clicking: Biggest States A-Z
Recently Updated
Leaping Animals
pecheneg
Reality TV Shows (A-Z)
bhenderson79
Rickey Henderson's Hall of Fame Teammates
pecheneg
Champions League XIs: Arsenal
pecheneg
Quick Pick: Celebrities in WWE's Hall of Fame
aduchscher
A-Z Keypad Blitz II
pecheneg
Multiple Oscar Actors
pecheneg
Mystery Phrase Blitz: Oscar 'Best Actors'
pecheneg
F. Scott Fitzgerald Novels
LTH
Pick 3 Villains
ddd62291
Trending Topics
Crossword
Kpop
Disney
Harry Potter
Marvel
NBA
Anime
The Office
Pokémon
Soccer
Puzzle
Country
WWE
Song
NFL
Your Account Isn't Verified!
In order to create a playlist on Sporcle, you need to verify the email address you used during registration. Go to your
Sporcle Settings
to finish the process.
Report this User
Report this user for behavior that violates our
Community Guidelines
.
Details:
Send Report
Go to the Sporcle.com Mobile Site →
Comments